000 00585nam a22001697a 4500
005 20251108165832.0
008 250721s1987 xx 000 0 ara d
082 1 4 _aم/615.1/مؤت
111 2 _aمؤتمر الخبراء حول الأستعمال الرشيد للعقاقير
245 1 0 _aالإستعمال الرشيد للعقاقير :
_bتقرير مؤتمر الخبراء /
264 1 _aجنيف :
_bمنظمة الصحة العالمية،
_c1987.
300 _a300ص
650 1 7 _aالعقاقير
650 1 7 _aالأدوية
942 _2ddc
_cREF
999 _c32503
_d32503